000
00218nam a2200097 4500
100
_a
Brohi, Ali Ahmed K.
245
_a
quest : Allama. I. I. Qazi
260
_a
Karachi:
_b
SAGA,
_c
1992.
300
_a
114p. ;
942
_c
BK
999
_c
10846
_d
10846